| 000 | 00899nam a2200229Ia 4500 | ||
|---|---|---|---|
| 005 | 20241216010329.0 | ||
| 008 | 180423s9999||||xx |||||||||||||| ||und|| | ||
| 020 | _a9974-7801-9-5 | ||
| 082 |
_a371.3 _bF18 |
||
| 100 | _aFALIERES NANCY Y ANTOLIN MARCELA | ||
| 245 | 0 |
_aCOMO MEJORAR EL APRENDIZAJE EN EL AULA Y PODER EVALUARLO _bPARA DOCENTES DE LA ENSEÑANZA BASICA / Contiene CD |
|
| 250 | _a0 | ||
| 260 |
_aBUENOS AIRES ARGENTINA _bCADIES INTERNACIONAL _c2005 |
||
| 300 |
_a375 pag. _c29 cm |
||
| 341 | _h52.5 | ||
| 490 |
_v0 _a0 |
||
| 505 | _aEL APRENDIZAJE EN LA ESCUELA/ EL APRENDIZAJE SIGNIFICATIVO/ LA INSTITUCION ESCOLAR/ GRUPOS DE APRENDIZAJE ESCOLAR/ LA EVALUACION EN EL AULA/ LAS TECNICAS GRUPALES EN EL AULA/ LA ESTIMULACION DEL APRENDIZAJE ESCOLAR | ||
| 541 |
_aC _bINCOMEP E.I.R.L. _d22-Sep-15 _odólar |
||
| 650 | _aCIENCIAS SOCIALES | ||
| 856 | _zHumanidades | ||
| 942 | _cLIBRO | ||
| 999 |
_c11620 _d11620 |
||